Optické zosilňovače v optickom prenosovom médiu

Salvato in:
Dettagli Bibliografici
Autore principale: Beljanský, Tomáš (Autore)
Altri autori: Róka, Rastislav (Relatore della tesi)
Natura: Manoscritto Libro
Lingua:slovacco
Pubblicazione: 2015
Soggetti:
Accesso online:http://is.stuba.sk/zp/portal_zp.pl?podrobnosti=98026
Tags: Aggiungi Tag
Nessun Tag, puoi essere il primo ad aggiungerne!!

MARC

LEADER 00000ntm a22000003a 4500
001 stuzp49432
003 SK-STU
005 20160719153256.5
007 ta
008 150427s2015----xo-----f-mn---000-0-slo-d
040 |a STU  |b slo 
041 0 |a slo 
100 1 |a Beljanský, Tomáš  |u 037000  |4 aut  |U FEI Fakulta elektrotechniky a informatiky  |T FEI Ústav telekomunikácií  |X 54240  |U E070  |Y 818  |7 54240 
242 0 1 |a Optical amplifiers in optical transmission medium  |y eng 
245 1 0 |a Optické zosilňovače v optickom prenosovom médiu 
260 |c 2015 
300 |a 55 s., príl.  |b CD-ROM 
650 4 |a EDFA  |2 slo 
650 4 |a SOA  |2 slo 
650 4 |a optické médium  |2 slo 
650 4 |a Ramanov zosilňovač  |2 slo 
650 4 |a Raman amplifier  |2 eng 
650 4 |a optical medium  |2 eng 
650 4 |a SOA  |2 eng 
650 4 |a EDFA  |2 eng 
700 1 |a Róka, Rastislav  |4 ths  |X 1946  |7 A000001946 
856 4 |u http://is.stuba.sk/zp/portal_zp.pl?podrobnosti=98026 
996 |b 284ER01837  |c E*Bc- 1837  |l EE37  |s P  |a 0  |w stuzp49432_0001 
SQL |a stuzp49432  |b DBP  |c SLO  |d Optické zosilňovače v optickom prenosovom médiu  |e 54240  |f Beljanský, Tomáš  |g 037000  |h 1946  |i Róka, Rastislav  |j 20150707  |k 78  |l 03  |m http://is.stuba.sk/zp/portal_zp.pl?podrobnosti=98026  |n B-TLK  |o 5.2.15. telekomunikácie